| 000 | 00683aam a2200229 a 4500 | ||
|---|---|---|---|
| 008 | |||
| 020 | _a9780495383680 (pbk.) | ||
| 049 | _aMAIN | ||
| 090 |
_aQK47 _bBER |
||
| 100 | 1 | _aBerg, Linda R. | |
| 245 | 1 | 0 |
_aIntroductory botany : _bplants, people, and the environment / _cLinda R. Berg. |
| 260 |
_aAustralia : _bThomson/Brooks/Cole, _c2008. |
||
| 300 |
_axxvii, 622 p. : _bcol. ill. ; _c28 cm. |
||
| 500 | _aIncludes index. | ||
| 504 | _aIncludes bibliographical references. | ||
| 650 | 0 | _aBotany. | |
| 907 |
_a.b10386014 _b25-10-17 _c17-10-17 |
||
| 003 | |||
| 005 | 20230123122313.0 | ||
| 040 | _cNUST | ||
| 942 |
_cBOOKS _kQK47 _mBER |
||
| 999 |
_c131338 _d131338 |
||